[Event "Minsk Kupreichik Memorial rapid"]
[Site "Minsk"]
[Date "2019.08.17"]
[Round "8"]
[White "Lazavik, Denis"]
[Black "Dydyshko, Viacheslav"]
[Result "1-0"]
[WhiteElo "2347"]
[BlackElo "2506"]
[PlyCount "45"]
[EventDate "2019.08.15"]
[EventType "swiss (rapid)"]
[EventRounds "10"]
[EventCountry "BLR"]
[SourceTitle "CBM 191 Extra"]
[Source "ChessBase"]
[SourceDate "2019.09.30"]
[SourceVersion "1"]
[SourceVersionDate "2019.09.30"]
[SourceQuality "1"]

1. d4 Nf6 2. c4 e6 3. Nf3 b6 4. a3 Bb7 5. Nc3 g6 6. Qc2 Bg7 7. e4 0-0 8. Be2 d5 9. cxd5 exd5 10. e5 Ne4 11. 0-0 c5 12. dxc5 bxc5 13. Nxe4 dxe4 14. Nd2 Nc6 15. Qxc5 Nxe5 16. Qe3 f5 17. Rd1 Qc7 18. Qb3+ Kh8 19. Nc4 Ba6 20. Nxe5 Bxe2 21. Bf4 Bxe5 22. Rd7 Qb8 23. Qe6 1-0

[Event "Minsk Kupreichik Memorial rapid"]
[Site "Minsk"]
[Date "2019.08.16"]
[Round "7"]
[White "Dydyshko, Viacheslav"]
[Black "Kochetkov, German"]
[Result "1/2-1/2"]
[WhiteElo "2506"]
[BlackElo "2277"]
[PlyCount "108"]
[EventDate "2019.08.15"]
[EventType "swiss (rapid)"]
[EventRounds "10"]
[EventCountry "BLR"]
[SourceTitle "CBM 191 Extra"]
[Source "ChessBase"]
[SourceDate "2019.09.30"]
[SourceVersion "1"]
[SourceVersionDate "2019.09.30"]
[SourceQuality "1"]

1. d4 f5 2. g3 Nf6 3. Bg2 g6 4. c4 Bg7 5. Nc3 0-0 6. Nh3 d6 7. d5 c5 8. Nf4 Na6 9. 0-0 Nc7 10. h4 a6 11. a4 Rb8 12. a5 b5 13. axb6 Rxb6 14. Qc2 Bd7 15. Bd2 Ne4 16. Nxe4 Rxb2 17. Qc1 fxe4 18. Bc3 Rb4 19. Bxg7 Kxg7 20. Qc3+ Rf6 21. Bxe4 e5 22. dxe6 Bxe6 23. Nxe6+ Nxe6 24. Rxa6 Nd4 25. Ra7+ Kh8 26. Kg2 Re6 27. f3 Qf6 28. Rf2 Nf5 29. Qxf6+ Rxf6 30. Bxf5 gxf5 31. e3 Rxc4 32. Rb2 Rg6 33. Rb8+ Rg8 34. Rbb7 Rxh4 35. Rf7 Rh6 36. Rxf5 Rc8 37. Rff7 d5 38. Rac7 Rxc7 39. Rxc7 c4 40. f4 Rd6 41. Kf3 Kg8 42. g4 h6 43. f5 Kf8 44. Kf4 Ke8 45. Ke5 Rd7 46. Rc8+ Kf7 47. Kd4 Kf6 48. Rg8 Rg7 49. Rxg7 Kxg7 50. e4 dxe4 51. Kxc4 Kf6 52. Kd4 h5 53. Kxe4 hxg4 54. Kf4 g3 1/2-1/2

[Event "Minsk Kupreichik Memorial rapid"]
[Site "Minsk"]
[Date "2019.08.16"]
[Round "4"]
[White "Kuleshov, Konstantin"]
[Black "Dydyshko, Viacheslav"]
[Result "0-1"]
[WhiteElo "2076"]
[BlackElo "2506"]
[PlyCount "82"]
[EventDate "2019.08.15"]
[EventType "swiss (rapid)"]
[EventRounds "10"]
[EventCountry "BLR"]
[SourceTitle "CBM 191 Extra"]
[Source "ChessBase"]
[SourceDate "2019.09.30"]
[SourceVersion "1"]
[SourceVersionDate "2019.09.30"]
[SourceQuality "1"]

1. d4 Nf6 2. c4 e6 3. g3 c5 4. d5 exd5 5. cxd5 d6 6. Nc3 g6 7. Bg2 Bg7 8. e4 0-0 9. Nge2 Re8 10. 0-0 a6 11. a4 b6 12. h3 Nbd7 13. f4 Rb8 14. g4 b5 15. axb5 axb5 16. Ng3 b4 17. Nce2 Nb6 18. Ra7 Rb7 19. Rxb7 Bxb7 20. g5 Nfd7 21. f5 Be5 22. f6 Ba6 23. Re1 c4 24. Nf4 Nc5 25. Qg4 Nd3 26. Nxd3 cxd3 27. Qh4 Kh8 28. b3 Nd7 29. Be3 Nc5 30. Rb1 Bxg3 31. Qxg3 Nxe4 32. Bxe4 Rxe4 33. Ra1 Bb7 34. Ra7 Bxd5 35. Ra6 Re6 36. Bf4 Qc8 37. Qxd3 Qc5+ 38. Kf1 h5 39. Ra1 Be4 40. Qd2 Qf5 41. Qh2 Bf3 0-1

[Event "Minsk Kupreichik Memorial"]
[Site "Minsk"]
[Date "2018.06.23"]
[Round "13"]
[White "Rashkovsky, Nukhim N"]
[Black "Dydyshko, Viacheslav"]
[Result "1-0"]
[WhiteElo "2483"]
[BlackElo "2506"]
[PlyCount "77"]
[EventDate "2018.06.21"]
[EventType "tourn (rapid)"]
[EventRounds "13"]
[EventCountry "BLR"]
[EventCategory "7"]
[SourceTitle "CBM 185 Extra"]
[Source "ChessBase"]
[SourceDate "2018.07.29"]
[SourceVersion "1"]
[SourceVersionDate "2018.07.29"]
[SourceQuality "1"]

1. Nc3 d5 2. e4 dxe4 3. Nxe4 Bf5 4. Ng3 Bg6 5. Nf3 Nd7 6. h4 h6 7. h5 Bh7 8. d4 e6 9. Bd3 Bxd3 10. Qxd3 Ngf6 11. Bd2 c5 12. 0-0-0 cxd4 13. Nxd4 Nc5 14. Qb5+ Qd7 15. Bb4 0-0-0 16. Qc4 Qd5 17. Nxe6 fxe6 18. Rxd5 exd5 19. Qc3 b6 20. Rd1 Kb8 21. Nf5 Rc8 22. Qe5+ Kb7 23. Kb1 Re8 24. Nd6+ Bxd6 25. Qxd6 Nce4 26. Qf4 a5 27. Ba3 Re6 28. f3 Ng5 29. b3 Rhe8 30. Bb2 Re1 31. Rxe1 Rxe1+ 32. Bc1 Re2 33. Qd6 Ne6 34. a4 Nc7 35. g4 Nfe8 36. Qd7 Rf2 37. Bf4 Rxf3 38. Bxc7 Nxc7 39. Qxg7 1-0

[Event "Minsk Kupreichik Memorial"]
[Site "Minsk"]
[Date "2018.06.22"]
[Round "6"]
[White "Oblamski, Vladimir"]
[Black "Dydyshko, Viacheslav"]
[Result "1/2-1/2"]
[WhiteElo "2083"]
[BlackElo "2506"]
[PlyCount "112"]
[EventDate "2018.06.21"]
[EventType "tourn (rapid)"]
[EventRounds "13"]
[EventCountry "BLR"]
[EventCategory "7"]
[SourceTitle "CBM 185 Extra"]
[Source "ChessBase"]
[SourceDate "2018.07.29"]
[SourceVersion "1"]
[SourceVersionDate "2018.07.29"]
[SourceQuality "1"]

1. e4 c5 2. c3 Nf6 3. e5 Nd5 4. d4 cxd4 5. cxd4 d6 6. Nf3 Nc6 7. Bc4 dxe5 8. Bxd5 Qxd5 9. Nc3 Qd6 10. d5 Nd8 11. 0-0 Bd7 12. Re1 f6 13. Ne4 Qb4 14. a3 Qa5 15. b4 Qc7 16. Be3 b6 17. Qb3 Nf7 18. Rac1 Qb7 19. Rc2 Nd6 20. Nxd6+ exd6 21. Rec1 Rc8 22. Rxc8+ Bxc8 23. Qc4 Kd8 24. b5 Be7 25. Nd2 Rf8 26. a4 Rf7 27. Qb4 Qxd5 28. a5 Bb7 29. f3 Qd3 30. Rc3 Qe2 31. axb6 d5 32. Bc5 Qxd2 33. Bxe7+ Rxe7 34. Rc8+ Kxc8 35. Qxd2 axb6 36. Qb4 Kd7 37. Qh4 h6 38. Qa4 Kc7 39. Qc2+ Kb8 40. Qb2 Rc7 41. Qb4 Rc5 42. Qg4 Rc7 43. Qb4 Rd7 44. Kf2 d4 45. Ke1 Bd5 46. Kd2 Kb7 47. Qa4 Kc7 48. Qa7+ Bb7 49. Qa3 Rd6 50. Qa2 Rd5 51. Qa4 f5 52. h4 e4 53. Qc4+ Kd7 54. fxe4 fxe4 55. g4 d3 56. Qxe4 Kd6 1/2-1/2

[Event "Minsk Kupreichik Memorial"]
[Site "Minsk"]
[Date "2018.06.21"]
[Round "3"]
[White "Dydyshko, Viacheslav"]
[Black "Vaganian, Rafael A"]
[Result "1-0"]
[WhiteElo "2506"]
[BlackElo "2550"]
[PlyCount "127"]
[EventDate "2018.06.21"]
[EventType "tourn (rapid)"]
[EventRounds "13"]
[EventCountry "BLR"]
[EventCategory "7"]
[SourceTitle "CBM 185 Extra"]
[Source "ChessBase"]
[SourceDate "2018.07.29"]
[SourceVersion "1"]
[SourceVersionDate "2018.07.29"]
[SourceQuality "1"]

1. d4 e6 2. c4 d5 3. Nc3 Be7 4. Nf3 Nf6 5. Bg5 h6 6. Bxf6 Bxf6 7. e3 0-0 8. Qb3 c6 9. Be2 Nd7 10. 0-0 Rb8 11. Rfd1 b5 12. cxd5 cxd5 13. a3 a6 14. Rac1 Qe7 15. Na2 Nb6 16. Nb4 Bb7 17. Nd3 Na4 18. Qa2 Rfc8 19. Qa1 Rxc1 20. Rxc1 Rc8 21. Rxc8+ Bxc8 22. Qc1 Bb7 23. Nfe5 Qd6 24. b3 Nb6 25. Nc5 Bc8 26. Qc3 Qc7 27. Ned3 Nd7 28. g3 e5 29. b4 exd4 30. exd4 Nb6 31. Bf3 Bf5 32. Ne5 Bc8 33. Ned3 g6 34. Nf4 Qc6 35. Nfd3 Kg7 36. h4 Nc4 37. Nf4 Qd6 38. Nxd5 Bd8 39. Kg2 Bf5 40. Nb7 Qd7 41. Nxd8 Qxd8 42. Ne3 Qc8 43. Bd5 Nb6 44. Qxc8 Bxc8 45. Bc6 f5 46. Kf3 g5 47. hxg5 hxg5 48. Ke2 f4 49. gxf4 gxf4 50. Nd5 Nc4 51. a4 f3+ 52. Ke1 bxa4 53. Bxa4 Bb7 54. Ne3 Nb2 55. Bc2 Bc6 56. Kd2 Kf6 57. Kc3 Na4+ 58. Bxa4 Bxa4 59. Kc4 Ke6 60. Kc5 Bb5 61. d5+ Ke5 62. d6 Ke4 63. Nc4 Kd3 64. d7 1-0

[Event "Minsk Kupreichik Memorial"]
[Site "Minsk"]
[Date "2018.06.21"]
[Round "4"]
[White "Sveshnikov, Evgeny"]
[Black "Dydyshko, Viacheslav"]
[Result "0-1"]
[WhiteElo "2464"]
[BlackElo "2506"]
[PlyCount "174"]
[EventDate "2018.06.21"]
[EventType "tourn (rapid)"]
[EventRounds "13"]
[EventCountry "BLR"]
[EventCategory "7"]
[SourceTitle "CBM 185 Extra"]
[Source "ChessBase"]
[SourceDate "2018.07.29"]
[SourceVersion "1"]
[SourceVersionDate "2018.07.29"]
[SourceQuality "1"]

1. e4 c5 2. c3 Nf6 3. e5 Nd5 4. Bc4 e6 5. Nf3 d6 6. d4 Nc6 7. 0-0 Be7 8. Qe2 cxd4 9. cxd4 Nb6 10. Bd3 Nb4 11. exd6 Qxd6 12. Be4 f5 13. Bd3 Bd7 14. Nc3 Nxd3 15. Qxd3 Bf6 16. Re1 0-0 17. Bg5 Bc6 18. Bxf6 gxf6 19. Rad1 Rad8 20. Qe3 Rfe8 21. Qh6 Qf8 22. Qh4 Qg7 23. Qg3 Rd7 24. Rd3 Nd5 25. Nh4 Qxg3 26. hxg3 Kf7 27. Rd2 Red8 28. Nf3 Nxc3 29. bxc3 Bd5 30. Re3 Rc8 31. Ne1 Rdc7 32. Rc2 Rc4 33. Nd3 Rxd4 34. Nf4 Rd1+ 35. Kh2 Bc4 36. Rb2 b6 37. a4 Ra1 38. Rd2 Ke7 39. Rd4 Rc5 40. Nd3 Bxd3 41. Rexd3 Rc7 42. Rh4 Ke8 43. Rd6 Re7 44. Rc6 Kf8 45. Rc8+ Kg7 46. Rd4 e5 47. Rdc4 Rd1 48. a5 bxa5 49. R8c5 Rdd7 50. Rxa5 Rc7 51. Rca4 Rxc3 52. Rxa7 Rxa7 53. Rxa7+ Kg6 54. f3 Rc1 55. Re7 Re1 56. Ra7 h5 57. Re7 e4 58. f4 Re3 59. Kh3 Ra3 60. Kh2 h4 61. gxh4 Kh5 62. Rg7 Kxh4 63. g3+ Kh5 64. Kh3 Ra6 65. Re7 Kg6 66. Kg2 Ra2+ 67. Kh3 Rf2 68. Ra7 e3 69. Rc7 e2 70. Re7 Kh6 71. Re8 Kg7 72. g4 Rf3+ 73. Kh4 Rxf4 74. Rxe2 fxg4 75. Kh5 Kf7 76. Re1 f5 77. Kg5 Rf3 78. Ra1 g3 79. Ra7+ Ke6 80. Ra6+ Kd5 81. Ra5+ Kc4 82. Ra4+ Kb3 83. Ra1 g2 84. Rg1 Rf2 85. Kh4 f4 86. Kh3 f3 87. Kg3 Rf1 0-1

[Event "EU-ch rapid"]
[Site "Minsk"]
[Date "2015.12.20"]
[Round "8"]
[White "Dydyshko, Viacheslav"]
[Black "Smirnov, Valerij"]
[Result "1/2-1/2"]
[WhiteElo "2506"]
[BlackElo "2298"]
[PlyCount "191"]
[EventDate "2015.12.19"]
[EventType "swiss (rapid)"]
[EventRounds "11"]
[EventCountry "BLR"]
[SourceTitle "EXT 2017"]
[Source "ChessBase"]
[SourceDate "2016.10.25"]
[SourceVersion "1"]
[SourceVersionDate "2016.10.25"]
[SourceQuality "1"]

1. d4 Nf6 2. c4 e6 3. Nc3 Bb4 4. e3 c5 5. Bd3 Nc6 6. Nf3 Bxc3+ 7. bxc3 d6 8. e4 e5 9. d5 Ne7 10. h3 h6 11. Be3 g5 12. h4 g4 13. Ng1 Kf8 14. h5 Kg7 15. Ne2 Nh7 16. Qd2 Ng8 17. Ng3 Ng5 18. 0-0 f6 19. Rab1 Rh7 20. Rb2 Kh8 21. Rfb1 Rb8 22. Qd1 Rg7 23. Qa4 b6 24. Qd1 Ne7 25. Kh1 Bd7 26. Qc2 Qe8 27. Kh2 Ba4 28. Qe2 Bd7 29. Qd1 Qf7 30. Qc2 Qe8 31. Rh1 Ba4 32. Qb1 Bd7 33. Bc2 Qf7 34. a4 Rf8 35. a5 Nc8 36. axb6 Nxb6 37. Bd3 Bc8 38. Ra2 Qe8 39. Qc2 Rff7 40. Rha1 Re7 41. Ra5 Qd8 42. Qd1 Qe8 43. Be2 Qg8 44. Qb1 Qe8 45. R1a2 Qf7 46. Bd3 Qf8 47. R5a3 Qe8 48. Qa1 Qf7 49. Ra5 Rc7 50. Qb1 Qe8 51. Be2 Qf7 52. Rb2 Qe8 53. Qd1 Qg8 54. Rba2 Qf8 55. Rb5 Bd7 56. Rba5 Bc8 57. Qb1 Qe7 58. Bd3 Qf8 59. Qa1 Qe7 60. Be2 Nxe4 61. Nxe4 f5 62. Nxd6 f4 63. g3 Qxd6 64. Bd2 a6 65. Be1 e4 66. Qc1 Rcf7 67. Rxa6 Bxa6 68. Rxa6 e3 69. fxe3 f3 70. Qb1 Qe5 71. Qxb6 Qxh5+ 72. Kg1 fxe2 73. Qxh6+ Qxh6 74. Rxh6+ Rh7 75. Rxh7+ Kxh7 76. Bf2 Rb7 77. Be1 Rf7 78. Bf2 Kg6 79. e4 Rf3 80. e5 Re3 81. Be1 Rxe5 82. Kf2 Re4 83. Bd2 Kf5 84. Ke1 Kf6 85. Bc1 Ke7 86. Bg5+ Kd7 87. Bd2 Kd8 88. Bg5+ Kc8 89. Bd2 Kd7 90. Kf2 Kc7 91. Ke1 Kb6 92. Kf2 Ka5 93. Ke1 Re8 94. Bg5 Kb6 95. d6 Kc6 96. Be7 1/2-1/2

[Event "EU-ch rapid"]
[Site "Minsk"]
[Date "2015.12.19"]
[Round "4"]
[White "Lojko, Alexej"]
[Black "Dydyshko, Viacheslav"]
[Result "1/2-1/2"]
[WhiteElo "2214"]
[BlackElo "2506"]
[PlyCount "65"]
[EventDate "2015.12.19"]
[EventType "swiss (rapid)"]
[EventRounds "11"]
[EventCountry "BLR"]
[SourceTitle "EXT 2017"]
[Source "ChessBase"]
[SourceDate "2016.10.25"]
[SourceVersion "1"]
[SourceVersionDate "2016.10.25"]
[SourceQuality "1"]

1. d4 d5 2. c4 c6 3. Nf3 Nf6 4. e3 Bg4 5. Nc3 e6 6. Qb3 Qc7 7. Nh4 Nbd7 8. h3 Bh5 9. g4 Bg6 10. Nxg6 hxg6 11. Bg2 Be7 12. Bd2 Nb6 13. cxd5 exd5 14. Na4 Nxa4 15. Qxa4 Ne4 16. Bxe4 dxe4 17. d5 f5 18. gxf5 gxf5 19. Rc1 Rh6 20. dxc6 Rxc6 21. Rxc6 Qxc6 22. Qxc6+ bxc6 23. Bc3 Kf7 24. Rg1 g6 25. Ke2 Rd8 26. Rc1 Rd5 27. f3 exf3+ 28. Kxf3 Ke6 29. Rg1 g5 30. Re1 Bc5 31. Rg1 Rd3 32. Rxg5 Rxe3+ 33. Kf4 1/2-1/2

[Event "EU-chT Seniors 15th"]
[Site "Dresden"]
[Date "2013.07.20"]
[Round "1"]
[White "Dydyshko, Viacheslav"]
[Black "Jones, Iolo Cerredig"]
[Result "1/2-1/2"]
[WhiteElo "2512"]
[BlackElo "2225"]
[PlyCount "166"]
[EventDate "2013.07.20"]
[EventType "team-swiss"]
[EventRounds "9"]
[EventCountry "GER"]
[SourceTitle "CBM 155 Extra"]
[Source "ChessBase"]
[SourceDate "2013.08.26"]
[SourceVersion "1"]
[SourceVersionDate "2013.08.26"]
[SourceQuality "1"]
[WhiteTeam "Belarus"]
[BlackTeam "Wales"]
[WhiteTeamCountry "BLR"]
[BlackTeamCountry "WLS"]

1. d4 Nf6 2. c4 d6 3. Nf3 Nbd7 4. Nc3 e5 5. e4 Be7 6. Be2 c6 7. 0-0 0-0 8. Qc2 Re8 9. Rd1 Bf8 10. d5 c5 11. a3 g6 12. b4 b6 13. Be3 Ng4 14. Bd2 Bg7 15. Rab1 Nf8 16. bxc5 bxc5 17. Qa4 a6 18. Qc6 Ra7 19. Rb2 Qe7 20. Rdb1 Bd7 21. Qb6 Rea8 22. Qa5 Bc8 23. Bd1 Nf6 24. Ba4 Qc7 25. Qxc7 Rxc7 26. Bc6 Raa7 27. Ne1 Bd7 28. Rb6 Ne8 29. Rb8 Nf6 30. R1b6 h6 31. f3 Kh7 32. Nd3 Bc8 33. Rb1 N8d7 34. R8b2 h5 35. Na4 a5 36. Nc3 Ba6 37. Nb5 Bxb5 38. Rxb5 a4 39. Rb7 Rcxb7 40. Rxb7 Rxb7 41. Bxb7 Nb6 42. Nb2 Bh6 43. Bxh6 Kxh6 44. Bc6 Kg7 45. Bxa4 Kf8 46. h4 Ke7 47. Kf2 Kd8 48. Ke3 Kc7 49. Bb5 Nc8 50. g3 Kb6 51. f4 Na7 52. Ba4 Ka5 53. Kf3 Nc8 54. Bc6 Nb6 55. fxe5 dxe5 56. Bb5 Nc8 57. Nd3 Nd6 58. Nxc5 Nxb5 59. cxb5 Kxb5 60. Nb7 Ne8 61. d6 Kc6 62. Nd8+ Kxd6 63. Nxf7+ Ke6 64. Ng5+ Kd6 65. Ke3 Nf6 66. Kd3 Kc5 67. Ne6+ Kb5 68. Nf8 Ka4 69. Nxg6 Ng4 70. Kc4 Nf6 71. Kd3 Ng4 72. Nxe5 Nxe5+ 73. Kd4 Ng4 74. e5 Kxa3 75. e6 Kb4 76. e7 Nf6 77. Ke5 Ne8 78. Ke6 Kc5 79. Kf7 Nd6+ 80. Kf8 Kd5 81. e8Q Nxe8 82. Kxe8 Ke6 83. Kf8 Kf6 1/2-1/2

[Event "SVK-chT 1011"]
[Site "Slovakia"]
[Date "2011.05.06"]
[Round "9.2"]
[White "Dydyshko, Viacheslav"]
[Black "Cvek, Robert"]
[Result "1/2-1/2"]
[WhiteElo "2547"]
[BlackElo "2488"]
[PlyCount "33"]
[EventDate "2010.11.27"]
[EventType "team-tourn"]
[EventRounds "11"]
[EventCountry "SVK"]
[SourceTitle "EXT 2012"]
[Source "ChessBase"]
[SourceDate "2011.11.24"]
[SourceVersion "1"]
[SourceVersionDate "2011.11.24"]
[SourceQuality "1"]
[WhiteTeam "Cadca"]
[BlackTeam "Dunajov"]
[WhiteTeamCountry "SVK"]
[BlackTeamCountry "SVK"]

1. d4 Nf6 2. c4 e6 3. Nf3 b6 4. g3 Ba6 5. Qb3 Nc6 6. Nbd2 d5 7. Bg2 Qd7 8. cxd5 Qxd5 9. Qxd5 exd5 10. a3 0-0-0 11. b3 Bd6 12. Bb2 Rhe8 13. e3 h6 14. Bf1 Bxf1 15. Kxf1 a5 16. Ke2 Kb7 17. Rac1 1/2-1/2

[Event "Frydek Mistek GM"]
[Site "Frydek Mistek"]
[Date "2011.04.23"]
[Round "7"]
[White "Kanovsky, David"]
[Black "Dydyshko, Viacheslav"]
[Result "1-0"]
[WhiteElo "2480"]
[BlackElo "2555"]
[PlyCount "81"]
[EventDate "2011.04.18"]
[EventType "tourn"]
[EventRounds "9"]
[EventCountry "CZE"]
[EventCategory "7"]
[SourceTitle "CBM 142 Extra"]
[Source "ChessBase"]
[SourceDate "2011.06.27"]
[SourceVersion "1"]
[SourceVersionDate "2011.06.27"]
[SourceQuality "1"]

1. e4 c5 2. Nf3 d6 3. d4 cxd4 4. Nxd4 Nf6 5. Nc3 a6 6. Bg5 Nbd7 7. f4 e5 8. Nf5 Qb6 9. Qd2 Qxb2 10. Rb1 Qa3 11. Be2 Qc5 12. fxe5 dxe5 13. Be3 Qc7 14. 0-0 Nc5 15. Kh1 Bxf5 16. Rxf5 Be7 17. Rxf6 Rd8 18. Nd5 Rxd5 19. Qxd5 gxf6 20. Bc4 0-0 21. Bh6 b5 22. Bxf8 Bxf8 23. Bb3 Bh6 24. Rf1 Kg7 25. Qd1 Qc8 26. Bd5 Bg5 27. Qh5 Qd7 28. g3 Na4 29. Kg2 Nb6 30. Qf3 Qe7 31. h4 Bh6 32. Bb3 Nd7 33. Rd1 Nc5 34. Qg4+ Kh8 35. Qc8+ Bf8 36. Rd8 Kg7 37. Bd5 h5 38. Re8 Qd6 39. Qf5 Qc7 40. Qxh5 Qd7 41. Rd8 1-0

[Event "Frydek Mistek GM"]
[Site "Frydek Mistek"]
[Date "2011.04.20"]
[Round "3"]
[White "Krejci, Jan1111"]
[Black "Dydyshko, Viacheslav"]
[Result "1/2-1/2"]
[WhiteElo "2451"]
[BlackElo "2555"]
[PlyCount "92"]
[EventDate "2011.04.18"]
[EventType "tourn"]
[EventRounds "9"]
[EventCountry "CZE"]
[EventCategory "7"]
[SourceTitle "CBM 142 Extra"]
[Source "ChessBase"]
[SourceDate "2011.06.27"]
[SourceVersion "1"]
[SourceVersionDate "2011.06.27"]
[SourceQuality "1"]

1. e4 c5 2. Nf3 d6 3. d4 cxd4 4. Nxd4 Nf6 5. Nc3 a6 6. Be3 e6 7. f3 b5 8. Qd2 Nbd7 9. g4 h6 10. 0-0-0 b4 11. Na4 d5 12. exd5 Nxd5 13. Bc4 Bb7 14. Rhe1 Qc7 15. Nxe6 Qxc4 16. Nc7+ Qxc7 17. Bf4+ Kd8 18. Bxc7+ Kxc7 19. c4 bxc3 20. Nxc3 N7b6 21. Nxd5+ Bxd5 22. Qa5 Be6 23. f4 Kb7 24. f5 Rc8+ 25. Kb1 Bc4 26. b3 Bb5 27. a4 Bc6 28. Qe5 f6 29. Qf4 a5 30. Re6 Bb4 31. Rc1 Rhd8 32. h4 Bd2 33. Re7+ Ka8 34. Qf1 Be4+ 35. Ka2 Bb7 36. Rxc8+ Bxc8 37. Qg2+ Rd5 38. Re6 Bxe6 39. fxe6 Bb4 40. Qe4 Be7 41. Qg6 Kb7 42. Qxg7 Rd2+ 43. Kb1 Nd5 44. Qxh6 Re2 45. Qh7 Nc3+ 46. Kc1 Na2+ 1/2-1/2

[Event "CZE-chT 1011"]
[Site "Czech Republic"]
[Date "2011.04.16"]
[Round "10.3"]
[White "Dydyshko, Viacheslav"]
[Black "Jirovsky, Milos"]
[Result "1/2-1/2"]
[WhiteElo "2547"]
[BlackElo "2475"]
[PlyCount "28"]
[EventDate "2010.11.05"]
[EventType "team-tourn"]
[EventRounds "11"]
[EventCountry "CZE"]
[SourceTitle "EXT 2012"]
[Source "ChessBase"]
[SourceDate "2011.11.24"]
[SourceVersion "1"]
[SourceVersionDate "2011.11.24"]
[SourceQuality "1"]
[WhiteTeam "Frydek Mistek"]
[BlackTeam "Praha Mahrla"]
[WhiteTeamCountry "CZE"]
[BlackTeamCountry "CZE"]

1. d4 d5 2. c4 c6 3. Nf3 Nf6 4. Nc3 a6 5. Qb3 e6 6. Bg5 Nbd7 7. e3 Be7 8. Be2 0-0 9. 0-0 h6 10. Bh4 dxc4 11. Qxc4 b5 12. Qd3 c5 13. a4 cxd4 14. Nxd4 Ne5 1/2-1/2

[Event "SVK-chT 1011"]
[Site "Slovakia"]
[Date "2011.03.13"]
[Round "8.2"]
[White "Dydyshko, Viacheslav"]
[Black "Bernasek, Jan"]
[Result "0-1"]
[WhiteElo "2547"]
[BlackElo "2490"]
[PlyCount "92"]
[EventDate "2010.11.27"]
[EventType "team-tourn"]
[EventRounds "11"]
[EventCountry "SVK"]
[SourceTitle "EXT 2012"]
[Source "ChessBase"]
[SourceDate "2011.11.24"]
[SourceVersion "1"]
[SourceVersionDate "2011.11.24"]
[SourceQuality "1"]
[WhiteTeam "Cadca"]
[BlackTeam "Modra"]
[WhiteTeamCountry "SVK"]
[BlackTeamCountry "SVK"]

1. d4 Nf6 2. c4 g6 3. Nc3 d5 4. Bf4 Bg7 5. e3 0-0 6. Rc1 Be6 7. Qb3 b6 8. Nf3 c5 9. dxc5 bxc5 10. cxd5 Nxd5 11. Nxd5 Bxd5 12. Bc4 Qa5+ 13. Ke2 Bxc4+ 14. Qxc4 Nd7 15. Rhd1 Nb6 16. Qc2 Qb5+ 17. Ke1 Bxb2 18. Rb1 Qa5+ 19. Kf1 Bg7 20. Bc7 Rfc8 21. Bxb6 axb6 22. Qc4 Rcb8 23. Rdc1 Rd8 24. Rc2 h6 25. Ke2 Rd6 26. Qb5 Qa7 27. Nd2 Qb7 28. Qxc5 Qxg2 29. Rxb6 Qg4+ 30. Nf3 Rad8 31. Rxd6 exd6 32. Qd5 Rd7 33. Rc4 Qg2 34. h4 Qh3 35. a4 Kh7 36. a5 Ra7 37. Ra4 Qd7 38. Ra2 Ra6 39. Qd3 Qc8 40. h5 Qa8 41. hxg6+ fxg6 42. Nh4 d5 43. Rc2 d4 44. Rc7 dxe3 45. fxe3 Rf6 46. Qb5 Qh1 0-1

[Event "SVK-chT 1011"]
[Site "Slovakia"]
[Date "2011.01.16"]
[Round "4.2"]
[White "Jacko, Vladimir"]
[Black "Dydyshko, Viacheslav"]
[Result "1-0"]
[WhiteElo "2163"]
[BlackElo "2547"]
[PlyCount "43"]
[EventDate "2010.11.27"]
[EventType "team-tourn"]
[EventRounds "11"]
[EventCountry "SVK"]
[SourceTitle "EXT 2012"]
[Source "ChessBase"]
[SourceDate "2011.11.24"]
[SourceVersion "1"]
[SourceVersionDate "2011.11.24"]
[SourceQuality "1"]
[WhiteTeam "Michalovce Zemplin"]
[BlackTeam "Cadca"]
[WhiteTeamCountry "SVK"]
[BlackTeamCountry "SVK"]

1. e4 c5 2. Nf3 d6 3. d4 cxd4 4. Nxd4 Nf6 5. Nc3 a6 6. Bg5 Nbd7 7. f4 e6 8. Qf3 Qc7 9. 0-0-0 Be7 10. g4 b5 11. a3 Rb8 12. Bxf6 Nxf6 13. g5 Nd7 14. Rg1 b4 15. axb4 Rxb4 16. f5 Nc5 17. f6 gxf6 18. gxf6 Bf8 19. Rg7 Bxg7 20. fxg7 Rg8 21. Qf6 Bb7 22. Bb5+ 1-0

[Event "Wch Seniors 20th"]
[Site "Arco"]
[Date "2010.10.29"]
[Round "4"]
[White "Dydyshko, Viacheslav"]
[Black "Van Riemsdijk, Herman Claudius"]
[Result "1/2-1/2"]
[WhiteElo "2547"]
[BlackElo "2390"]
[PlyCount "60"]
[EventDate "2010.10.26"]
[EventType "swiss"]
[EventRounds "11"]
[EventCountry "ITA"]
[SourceTitle "EXT 2011"]
[Source "ChessBase"]
[SourceDate "2010.11.26"]
[SourceVersion "1"]
[SourceVersionDate "2010.11.26"]
[SourceQuality "1"]

1. d4 Nf6 2. c4 e6 3. Nc3 Bb4 4. e3 0-0 5. Bd3 c5 6. Nge2 Nc6 7. 0-0 cxd4 8. exd4 d5 9. cxd5 Nxd5 10. Nxd5 Qxd5 11. Be3 Bd7 12. Qb1 h6 13. Be4 Qa5 14. Rd1 Qc7 15. Qc2 Bd6 16. h3 Ne7 17. Qd2 f5 18. Rac1 Qb8 19. d5 fxe4 20. dxe6 Bh2+ 21. Kh1 Bxe6 22. g3 Bxg3 23. Nxg3 Bxh3 24. Bxh6 Qe5 25. Qg5 Qxg5 26. Bxg5 Nc6 27. Be3 Rad8 28. Rxd8 Rxd8 29. Nxe4 Be6 30. Nc3 a6 1/2-1/2

[Event "Wch Seniors 20th"]
[Site "Arco"]
[Date "2010.10.27"]
[Round "2"]
[White "Dydyshko, Viacheslav"]
[Black "Anguera Maestro, Jaime"]
[Result "1-0"]
[WhiteElo "2547"]
[BlackElo "2205"]
[PlyCount "61"]
[EventDate "2010.10.26"]
[EventType "swiss"]
[EventRounds "11"]
[EventCountry "ITA"]
[SourceTitle "EXT 2011"]
[Source "ChessBase"]
[SourceDate "2010.11.26"]
[SourceVersion "1"]
[SourceVersionDate "2010.11.26"]
[SourceQuality "1"]

1. d4 d5 2. c4 e6 3. Nf3 Nf6 4. Nc3 c6 5. Bg5 Be7 6. e3 h6 7. Bh4 Nbd7 8. Qb3 0-0 9. Be2 b6 10. cxd5 exd5 11. 0-0 Ne4 12. Bxe7 Qxe7 13. a4 Ndf6 14. a5 b5 15. Nxe4 Nxe4 16. Rfc1 Bd7 17. Ne5 Rfc8 18. Rc2 Nd6 19. Qb4 f6 20. Ng6 Qe6 21. Rac1 Be8 22. Nf4 Qd7 23. Bg4 Qxg4 24. Qxd6 Qd7 25. Qb4 g5 26. Nd3 h5 27. Rc5 h4 28. h3 Bg6 29. Qc3 Qf5 30. Nb4 g4 31. Nxd5 1-0

[Event "CZE-chT 0910"]
[Site "Czech Republic"]
[Date "2009.12.06"]
[Round "4.2"]
[White "Zvara, Petr"]
[Black "Dydyshko, Viacheslav"]
[Result "1-0"]
[WhiteElo "2419"]
[BlackElo "2585"]
[PlyCount "83"]
[EventDate "2009.11.07"]
[EventType "team-tourn"]
[EventRounds "11"]
[EventCountry "CZE"]
[SourceTitle "CBM 133 Extra"]
[Source "ChessBase"]
[SourceDate "2010.01.05"]
[SourceVersion "1"]
[SourceVersionDate "2010.01.05"]
[SourceQuality "1"]
[WhiteTeam "Bohemians"]
[BlackTeam "Frydek Mistek"]
[WhiteTeamCountry "CZE"]
[BlackTeamCountry "CZE"]

1. e4 c5 2. Nf3 d6 3. d4 cxd4 4. Nxd4 Nf6 5. Nc3 a6 6. Bg5 Nbd7 7. f4 Qc7 8. Qf3 h6 9. Bh4 g5 10. fxg5 hxg5 11. Bxg5 Qc5 12. Be3 Ne5 13. Qe2 Nfg4 14. Bg1 Bh6 15. Nd5 Qa5+ 16. c3 e6 17. Nb3 Qd8 18. Bb6 exd5 19. Bxd8 Kxd8 20. Nd4 Re8 21. h3 Nf6 22. Qc2 Nxe4 23. Be2 Be3 24. Qb3 Kc7 25. Qxd5 Nf6 26. Qb3 Be6 27. Nxe6+ Rxe6 28. Rf1 Rae8 29. Kd1 Rg8 30. g4 Rh8 31. Bf3 d5 32. Bg2 Bc5 33. Kc2 Nc4 34. Rae1 Rhe8 35. Bxd5 Re2+ 36. Rxe2 Rxe2+ 37. Kd1 Rd2+ 38. Kc1 b5 39. Bxc4 Be3 40. Rxf6 Rd6+ 41. Kc2 Rxf6 42. Be2 1-0